| 000 | 00757nam a22002177a 4500 | ||
|---|---|---|---|
| 008 | 081031t xxu||||| |||| 00| 0 eng d | ||
| 010 | _aENG-84389 | ||
| 020 | _a8131300439 | ||
| 020 | _c495.00 (hb) | ||
| 035 | _aEN-67922 | ||
| 082 | _a639.2 / PAN | ||
| 100 | _aPandey, B N | ||
| 245 |
_aFisheries and fish toxicology / _cby B N Pandey and G K Kulkarni |
||
| 260 |
_aNew Delhi _bA P H Publishing |
||
| 260 | _cn.d. | ||
| 300 |
_axii,234p _c22cm |
||
| 500 | _aIncludes bibliographical references and index | ||
| 700 |
_aKulkarni, G K _cjt auth |
||
| 942 |
_2ddc _cEN _h639.2 _mPAN |
||
| 999 |
_c17723 _d17723 |
||